000 00398nam a22001217a 4500
082 _a351.8642
_bLEV
_cL-18, P-17
100 _aR.Levin, David
_937892
245 _aPublic land acquisition for highway purpose.
_cDavid R. Levin
260 _aWashington U.S.A
_bUnited States Govt.Printing Office Washington
_c1943
300 _a32, P.:
526 _a0
_b0
_c0
_d351_864200000000000_LEV
942 _2ddc
_cBK
999 _c542640
_d542640